[Event "GRE-chT 47th"]
[White "Papadopoulos, Argirios"]
[Black "Mathioulakis, Fanis"]
[Site "Patras"]
[Round "1.4"]
[Result "1/2-1/2"]
[Date "2019.07.02"]
[WhiteElo "2222"]
[BlackElo "1852"]
[PlyCount "67"]
[EventDate "2019.07.02"]
[EventType "team-swiss"]
[EventRounds "7"]
[EventCountry "GRE"]
[SourceTitle "CBM 191 Extra"]
[Source "ChessBase"]
[SourceDate "2019.09.30"]
[SourceVersion "1"]
[SourceVersionDate "2019.09.30"]
[SourceQuality "1"]
[WhiteTeam "Chania SA"]
[BlackTeam "Chania Kaissa"]
[WhiteTeamCountry "GRE"]
[BlackTeamCountry "GRE"]

1. e4 c5 2. Nf3 Nc6 3. d4 cxd4 4. Nxd4 g6 5. c4 Bg7 6. Be3 Nf6 7. Nc3 0-0 8. Be2 d6 9. 0-0 Bd7 10. h3 Nxd4 11. Bxd4 Bc6 12. Qd3 a5 13. b3 Nd7 14. Bxg7 Kxg7 15. Bg4 Nc5 16. Qe3 e5 17. f4 exf4 18. Rxf4 Qe7 19. Rd1 f5 20. Qd4+ Qe5 21. exf5 h5 22. Be2 Ne6 23. Qxe5+ dxe5 24. Rf2 Rxf5 25. Rxf5 gxf5 26. Kf2 h4 27. a3 Nd4 28. b4 axb4 29. axb4 Ra3 30. Rc1 Nb3 31. Rc2 Nd4 32. Rc1 Nb3 33. Rd1 Nd4 34. Rc1 1/2-1/2

[Event "EU-Cup 34th"]
[White "Dishman, Stephen"]
[Black "Mathioulakis, Fanis"]
[Site "Porto Carras"]
[Round "2.3"]
[Result "1-0"]
[Date "2018.10.13"]
[WhiteElo "2272"]
[BlackElo "1856"]
[PlyCount "43"]
[EventDate "2018.10.12"]
[EventType "team-swiss"]
[EventRounds "7"]
[EventCountry "GRE"]
[SourceTitle "CBM 187"]
[Source "ChessBase"]
[SourceDate "2018.12.11"]
[SourceVersion "1"]
[SourceVersionDate "2018.12.11"]
[SourceQuality "1"]
[WhiteTeam "Bonnevoie Gambit"]
[BlackTeam "Chania Kaissa"]
[WhiteTeamCountry "BEL"]
[BlackTeamCountry "GRE"]

1. d4 Nf6 2. Nf3 d5 3. c4 c6 4. e3 e6 5. Bd3 Be7 6. Nbd2 0-0 7. 0-0 Nbd7 8. e4 dxe4 9. Nxe4 Nxe4 10. Bxe4 Nf6 11. Bc2 c5 12. dxc5 Qc7 13. Bg5 Rd8 14. Qe2 Qxc5 15. Ne5 g6 16. Rfe1 Bd7 17. b4 Qc7 18. Qf3 Kg7 19. Qf4 Be8 20. Bh6+ Kg8 21. Nxg6 Bd6 22. Ne7+ 1-0

[Event "Crete-chT"]
[White "Fragiadakis, Emanouel"]
[Black "Mathioulakis, Fanis"]
[Site "Crete"]
[Round "6.13"]
[Result "1/2-1/2"]
[Date "2018.04.28"]
[WhiteElo "1796"]
[BlackElo "1893"]
[PlyCount "48"]
[EventDate "2018.04.09"]
[EventType "team-tourn"]
[EventRounds "7"]
[EventCountry "GRE"]
[SourceTitle "EXT 2019"]
[Source "ChessBase"]
[SourceDate "2018.10.10"]
[SourceVersion "1"]
[SourceVersionDate "2018.10.10"]
[SourceQuality "1"]

1. d4 Nf6 2. Bf4 e6 3. e3 c5 4. c3 d5 5. Nd2 Nc6 6. Ngf3 Bd6 7. Bg3 a6 8. Bd3 b5 9. 0-0 Bb7 10. Ne5 Ne7 11. f4 c4 12. Bc2 Nf5 13. Bf2 h5 14. Bxf5 exf5 15. Bh4 Be7 16. Qc2 Ne4 17. Bxe7 Qxe7 18. a4 b4 19. a5 b3 20. Qd1 Rh6 21. Ra4 Nd6 22. Re1 f6 23. Nef3 h4 24. Qe2 Kf7 1/2-1/2

[Event "EU-Cup 33rd"]
[White "Thee, Bernd"]
[Black "Mathioulakis, Fanis"]
[Site "Antalya"]
[Round "6.5"]
[Result "1/2-1/2"]
[Date "2017.10.13"]
[WhiteElo "1907"]
[BlackElo "1902"]
[PlyCount "67"]
[EventDate "2017.10.08"]
[EventType "team-swiss"]
[EventRounds "7"]
[EventCountry "TUR"]
[SourceTitle "CBM 181"]
[Source "ChessBase"]
[SourceDate "2017.11.10"]
[SourceVersion "1"]
[SourceVersionDate "2017.11.10"]
[SourceQuality "1"]
[WhiteTeam "Adare"]
[BlackTeam "Chania Chess Academy"]
[WhiteTeamCountry "IRL"]
[BlackTeamCountry "GRE"]

1. e4 c5 2. Nf3 d6 3. Bb5+ Bd7 4. Bxd7+ Qxd7 5. 0-0 Nc6 6. c3 Nf6 7. Re1 g6 8. d4 cxd4 9. cxd4 Bg7 10. Nc3 0-0 11. Bg5 h6 12. Bh4 Rfd8 13. Qa4 g5 14. Bg3 Nh5 15. d5 Nb8 16. Qa3 Nxg3 17. hxg3 Qc7 18. Rac1 Nd7 19. Qb4 Rac8 20. Ne2 Qb6 21. Qxb6 Nxb6 22. Nfd4 Kh7 23. b3 Nd7 24. Nf5 Bf6 25. Rxc8 Rxc8 26. Rc1 Rxc1+ 27. Nxc1 Nc5 28. f3 b5 29. Kf1 Nb7 30. Ke2 e6 31. Ne3 Be5 32. Nd3 Bf6 33. Nc1 Be5 34. g4 1/2-1/2

[Event "EU-Cup 33rd"]
[White "Ajvazi, Ramadan"]
[Black "Mathioulakis, Fanis"]
[Site "Antalya"]
[Round "2.5"]
[Result "0-1"]
[Date "2017.10.09"]
[WhiteElo "2109"]
[BlackElo "1902"]
[PlyCount "40"]
[EventDate "2017.10.08"]
[EventType "team-swiss"]
[EventRounds "7"]
[EventCountry "TUR"]
[SourceTitle "CBM 181"]
[Source "ChessBase"]
[SourceDate "2017.11.10"]
[SourceVersion "1"]
[SourceVersionDate "2017.11.10"]
[SourceQuality "1"]
[WhiteTeam "Dardania"]
[BlackTeam "Chania Chess Academy"]
[WhiteTeamCountry "KOS"]
[BlackTeamCountry "GRE"]

1. Nf3 d5 2. g3 g6 3. Bg2 Bg7 4. 0-0 e5 5. d3 Ne7 6. e4 0-0 7. Nc3 d4 8. Ne2 c5 9. Nh4 Nbc6 10. f4 f5 11. fxe5 fxe4 12. Bxe4 Bg4 13. Qe1 Qd7 14. e6 Rxf1+ 15. Qxf1 Bxe6 16. Bg5 Rf8 17. Qe1 Nf5 18. Nxf5 Bxf5 19. Qd2 Bxe4 20. dxe4 Ne5 0-1

[Event "GRE-chT 34th"]
[White "Borosova, Zuzana"]
[Black "Mathioulakis, Fanis"]
[Site "Ermioni Argolidas"]
[Round "2"]
[Result "1-0"]
[Date "2005.07.05"]
[WhiteElo "2222"]
[BlackElo "2038"]
[PlyCount "57"]
[EventDate "2005.07.04"]
[EventType "team-tourn"]
[EventRounds "9"]
[EventCountry "GRE"]
[SourceTitle "CBM 107 Extra"]
[Source "ChessBase"]
[SourceDate "2005.09.01"]
[SourceVersion "1"]
[SourceVersionDate "2005.09.01"]
[SourceQuality "1"]

1. e4 c5 2. Nf3 d6 3. d4 cxd4 4. Nxd4 Nf6 5. Nc3 g6 6. Be3 Bg7 7. f3 0-0 8. Qd2 Nc6 9. Bc4 Bd7 10. 0-0-0 Rc8 11. Bb3 Nxd4 12. Bxd4 b5 13. h4 a5 14. h5 a4 15. Bxf6 exf6 16. Bd5 a3 17. hxg6 hxg6 18. Rh2 f5 19. Rdh1 Qf6 20. Nd1 axb2+ 21. Kb1 fxe4 22. fxe4 Be6 23. Ne3 Qd4 24. Qe1 Ra8 25. Qh4 Rfe8 26. Bxe6 Rxe6 27. Ng4 Rxa2 28. Qd8+ Bf8 29. Rh8+ 1-0

[Event "GRE-ch U16"]
[White "Mathioulakis, Fanis"]
[Black "Vandoros, Nikolaos"]
[Site "Chania"]
[Round "5"]
[Result "1/2-1/2"]
[Date "2003.04.22"]
[WhiteElo "1810"]
[BlackElo "1665"]
[PlyCount "55"]
[EventDate "2003.04.??"]
[EventType "swiss"]
[EventRounds "7"]
[EventCountry "GRE"]
[SourceTitle "EXT 2005"]
[Source "ChessBase"]
[SourceDate "2004.11.15"]
[SourceVersion "1"]
[SourceVersionDate "2004.11.15"]
[SourceQuality "1"]

1. e4 d5 2. exd5 Qxd5 3. Nc3 Qa5 4. d4 Nf6 5. Nf3 Bg4 6. Bc4 Nc6 7. Be3 e6 8. a3 Bd6 9. h3 Bxf3 10. Qxf3 0-0 11. 0-0 a6 12. Bd3 Qh5 13. Qxh5 Nxh5 14. Ne4 Nf6 15. Nxd6 cxd6 16. f4 Nd5 17. Kf2 e5 18. dxe5 dxe5 19. fxe5 Nxe5 20. Rad1 Nxe3 21. Kxe3 Rfe8 22. Kf2 Nxd3+ 23. Rxd3 Rac8 24. c3 Rc7 25. Rfd1 Rce7 26. R1d2 f5 27. Rd7 Kf7 28. Rxe7+ 1/2-1/2